000 00565nam a2200181 a 4500
001 000001831
005 20200929145724.0
008 090629s2001 es 001 0 spa d
020 _a8440708122
040 _aDO-SdBNP
_bspa
_cBNPHU
082 _bA451g
100 1 _aAlmoguera, José Antonio
_95966
245 1 0 _aGuía práctica para invertir en vivienda /
_cJosé Antonio Almoguera, Nicomedes Gallardo.
260 _aMadrid :
_bCentro de Estudios Técnicos Empresariales,
_c2001.
300 _a128 p. ;
_c19 cm.
500 _aIncluye índice
910 _aEn proceso
999 _c1708
_d1708